Pokémon - Les attaques de Lockpin - Statistiques

Statistiques générales
  • Ce quiz a été pris 13 fois
  • Le résultat moyen est 8 sur 18
Statistiques - réponses
Niveaux Types Noms des attaques % Correct
Niveau 24 Fée Charme
88%
Niveau 48 Vol Rebond
88%
Niveau 20 Combat Double Pied
75%
Niveau 16 Normal Vive-Attaque
75%
Départ Normal Écras'Face
63%
Niveau 36 Psy Hâte
63%
Départ Fée Regard Touchant
63%
Niveau 56 Combat Pied Voltige
50%
Niveau 52 Psy Vœu Soin
50%
Départ Normal Boul'Armure
38%
Niveau 28 Normal Relais
38%
Niveau 32 Normal Coup d'Boule
25%
Départ Normal Trempette
25%
Départ Psy Voile Miroir
25%
Départ Psy Reflet Magik
13%
Niveau 12 Normal Après Vous
0%
Niveau 44 Ténèbres Flatterie
0%
Niveau 40 Normal Ten-Danse
0%
Aucun quiz correspondant
Distribution des résultats
% des personnes avec chaque résultat
Percentile par nombre de réponses
Votre historique - résultats
Vous n’avez pas pris ce quiz